[Event "Russian Winter Open"]
[Site "Moscow RUS"]
[Date "1991.??.??"]
[Round "?"]
[White "Bykhovsky, Avigdor"]
[Black "Pavlenko, Oleg"]
[Result "1-0"]
[WhiteElo "2490"]
[BlackElo "2375"]
[PlyCount "81"]
[EventDate "1991.??.??"]
[Source "www.chesslib.no"]
[SourceDate "2004.05.04"]

1. d4 Nf6 2. c4 e5 3. dxe5 Ng4 4. Nf3 Nc6 5. Bf4 Bb4+ 6. Nc3 Bxc3+ 7. bxc3 Qe7 8. Qd5 f6 9. exf6 Nxf6 10. Qd3 d6 11. g3 O-O 12. Bg2 Bg4 13. O-O Rfe8 14. Rfe1 h6 15. Nd4 Ne5 16. Bxe5 dxe5 17. Bxb7 exd4 18. Bxa8 Rxa8 19. cxd4 Rf8 20. e4 Qf7 21. f4 Qh5 22. Rab1 c6 23. Rb2 Re8 24. Re3 Rxe4 25. Rxe4 Bf5 26. Rb8+ Kh7 27. Re5 Bxd3 28. Rxh5 Nxh5 29. d5 cxd5 30. c5 Nf6 31. c6 Bf5 32. c7 d4 33. c8=Q Bxc8 34. Rxc8 Nd5 35. Kf2 Nc3 36. a3 a5 37. Rc4 Nb1 38. a4 d3 39. Ke3 d2 40. Ke2 Kg6 41. Rc5 1-0

[Event "Belgorod"]
[Site "Belgorod"]
[Date "1990.??.??"]
[Round "?"]
[White "Borges Mateos, Juan"]
[Black "Gusev, Vladimir A"]
[Result "1-0"]
[WhiteElo "2500"]
[BlackElo "2360"]
[PlyCount "39"]
[EventDate "1990.??.??"]
[Source "www.chesslib.no"]
[SourceDate "2004.05.04"]

1. d4 Nf6 2. c4 e5 3. dxe5 Ng4 4. Nf3 Bc5 5. e3 Nc6 6. Be2 O-O 7. Nc3 Ngxe5 8. b3 Nxf3+ 9. Bxf3 Re8 10. a3 Ne5 11. Be2 a5 12. Bb2 d6 13. O-O Bd7 14. Qd2 Qh4 15. Nd5 Bc6 16. Nxc7 Ng4 17. Bxg4 Bxg2 18. Qe2 Bxf1 19. Rxf1 Re4 20. Bf3 1-0

[Event "Zalakaros Open"]
[Site "Zalakaros"]
[Date "1995.??.??"]
[Round "9"]
[White "Varga, Zoltan"]
[Black "Kahn, Evarth"]
[Result "1-0"]
[WhiteElo "2460"]
[BlackElo "2400"]
[PlyCount "57"]
[EventDate "1995.??.??"]
[Source "www.chesslib.no"]
[SourceDate "2004.05.04"]

1. d4 Nf6 2. c4 e5 3. dxe5 Ng4 4. Nf3 Bc5 5. e3 Nc6 6. Be2 O-O 7. O-O Ngxe5 8. Nxe5 Nxe5 9. Nc3 Re8 10. Kh1 d6 11. f4 Nc6 12. e4 Bd4 13. Bd3 Qh4 14. Nd5 Re6 15. f5 Be5 16. g3 Bxg3 17. Qe2 Ne5 18. fxe6 Nxd3 19. exf7+ Kf8 20. Bg5 Qxg5 21. Qxd3 Be5 22. Nxc7 Qh4 23. Qc2 Bh3 24. Nxa8 Bxh2 25. Qxh2 Qxe4+ 26. Kg1 Qg4+ 27. Kf2 Qd4+ 28. Ke1 Bg4 29. Qf4 1-0

[Event "Rostock 15th"]
[Site "Rostock GER"]
[Date "1989.??.??"]
[Round "1"]
[White "Lerner, Konstantin Z"]
[Black "Biro, Sandor"]
[Result "1-0"]
[WhiteElo "2535"]
[BlackElo "2320"]
[PlyCount "73"]
[EventDate "1989.08.19"]
[Source "www.chesslib.no"]
[SourceDate "2004.05.04"]

1. d4 Nf6 2. c4 e5 3. dxe5 Ng4 4. Nf3 Nc6 5. e3 Bc5 6. Be2 O-O 7. O-O Ngxe5 8. Nc3 Re8 9. b3 Nxf3+ 10. Bxf3 Ne5 11. Be2 a5 12. Ne4 Bf8 13. f4 Ng6 14. Bd3 d5 15. cxd5 Qxd5 16. Ng5 Bg4 17. Qc2 Qc5 18. Bc4 Re7 19. f5 Nh4 20. f6 Qxg5 21. fxe7 Bxe7 22. Rxf7 Kh8 23. e4 Qc5+ 24. Qf2 Rd8 25. Be3 Qe5 26. Bd4 Qxd4 27. Qxd4 Rxd4 28. Rxe7 h5 29. h3 Rd2 30. hxg4 Rxg2+ 31. Kh1 hxg4 32. Re1 Rxa2 33. Re2 Ra1+ 34. Kh2 g5 35. Be6 Nf3+ 36. Kg3 Rg1+ 37. Rg2 1-0

[Event "RUS-Cup03 (Geller mem)"]
[Site "Moscow"]
[Date "1999.02.11"]
[Round "2"]
[White "Polovodin, Igor A"]
[Black "Chigvintsev, Andrei"]
[Result "1-0"]
[WhiteElo "2468"]
[BlackElo "2387"]
[PlyCount "109"]
[EventDate "1999.02.10"]
[Source "ChessBase"]
[SourceDate "1999.06.08"]

1. d4 Nf6 2. c4 e5 3. dxe5 Ng4 4. Nf3 Bc5 5. e3 Nc6 6. Be2 O-O 7. O-O Re8 8. Nc3 Ngxe5 9. b3 Nxf3+ 10. Bxf3 Ne5 11. Be2 a5 12. Bb2 Ra6 13. Ne4 Ba7 14. Qd5 Rh6 15. Bxe5 c6 16. Qd3 Rxe5 17. Nd2 d5 18. Nf3 Reh5 19. Rfd1 Bf5 20. Qc3 Bb8 21. g3 Be4 22. cxd5 Rxh2 23. Nxh2 Rxh2 24. f4 Rxe2 25. dxc6 Qb6 26. Qd4 Rg2+ 27. Kf1 Qa6+ 28. Qc4 Qxc4+ 29. bxc4 Bc7 30. Rd7 bxc6 31. Rxc7 f5 32. Rc8+ Kf7 33. Rd1 Rxg3 34. Rd7+ Kg6 35. Rcc7 Kh6 36. Ke2 Rg2+ 37. Kd1 a4 38. a3 Bc2+ 39. Ke1 Be4 40. c5 Rg3 41. Kd2 Bd5 42. Kd3 Rg1 43. Kd4 Be4 44. Re7 Rd1+ 45. Ke5 Rg1 46. Ra7 Rg3 47. Kd4 Rg1 48. Rxa4 Rd1+ 49. Ke5 Rd5+ 50. Ke6 Rd3 51. Raa7 Kh5 52. Rxg7 h6 53. Rg1 Rxe3 54. Kf6 Bc2 55. Rh7 1-0

[Event "Budapest"]
[Site "Budapest"]
[Date "1990.??.??"]
[Round "6"]
[White "Lukacs, Peter"]
[Black "Forintos, Gyozo V"]
[Result "1/2-1/2"]
[WhiteElo "2505"]
[BlackElo "2345"]
[PlyCount "31"]
[EventDate "1990.06.??"]
[Source "www.chesslib.no"]
[SourceDate "2004.05.04"]

1. d4 Nf6 2. c4 e5 3. dxe5 Ng4 4. Nf3 Bc5 5. e3 Nc6 6. Be2 Ngxe5 7. Nxe5 Nxe5 8. O-O O-O 9. Nc3 Re8 10. Kh1 d6 11. f4 Nc6 12. e4 Bd4 13. Bd2 Bxc3 14. Bxc3 Rxe4 15. Bd3 Re3 16. Qd2 1/2-1/2

[Event "Ceuta"]
[Site "Ceuta"]
[Date "1992.??.??"]
[Round "3"]
[White "Rivas Pastor, Manuel"]
[Black "Perez Pardo, Juan Carlos"]
[Result "1-0"]
[WhiteElo "2505"]
[BlackElo "2345"]
[PlyCount "101"]
[EventDate "1992.08.??"]
[Source "www.chesslib.no"]
[SourceDate "2004.05.04"]

1. d4 Nf6 2. c4 e5 3. dxe5 Ng4 4. Nf3 Bc5 5. e3 Nc6 6. Be2 O-O 7. Nd4 Ngxe5 8. O-O d6 9. Nc3 a5 10. b3 Ne7 11. Bb2 Bd7 12. Kh1 f5 13. Na4 Bxa4 14. Ne6 Qc8 15. Nxc5 Be8 16. Nd3 Nxd3 17. Qxd3 Qe6 18. Qd4 Qf6 19. Bh5 Qh6 20. Bf3 Bc6 21. Bxc6 Nxc6 22. Qd5+ Kh8 23. Rad1 f4 24. exf4 Qxf4 25. g3 Qf3+ 26. Qxf3 Rxf3 27. c5 a4 28. Kg2 Rf7 29. cxd6 axb3 30. axb3 cxd6 31. Rxd6 Ra2 32. Rfd1 Kg8 33. R1d2 Rc7 34. h4 Re7 35. R6d5 Kf7 36. Rg5 g6 37. Rg4 b5 38. Rf4+ Ke8 39. Rf6 Ne5 40. Rb6 Nd3 41. Rxd3 Rxb2 42. Rxb5 Kf7 43. Rbd5 Kf6 44. Rd6+ Ke5 45. R6d5+ Kf6 46. Rd6+ Ke5 47. R3d5+ Ke4 48. Rd2 Rxd2 49. Rxd2 Rb7 50. Re2+ Kf5 51. Re3 1-0

[Event "BL2-Nord 0001"]
[Site "Germany"]
[Date "2001.02.18"]
[Round "6.1"]
[White "Lauber, Arnd"]
[Black "Kopylov, Mihail"]
[Result "1-0"]
[WhiteElo "2419"]
[BlackElo "2431"]
[PlyCount "109"]
[EventDate "2000.10.15"]
[Source "ChessBase"]
[SourceDate "2001.07.03"]

1. d4 Nf6 2. c4 e5 3. dxe5 Ng4 4. Nf3 Bc5 5. e3 Nc6 6. Nc3 O-O 7. Be2 Re8 8. O-O Ngxe5 9. Nxe5 Nxe5 10. Kh1 d6 11. f4 Nd7 12. e4 Nf6 13. f5 Bd7 14. Bg5 Bc6 15. Bf3 Qe7 16. Nd5 Bxd5 17. cxd5 Qe5 18. Bxf6 Qxf6 19. Qd2 Bd4 20. Rac1 Rec8 21. Rc2 Be5 22. g3 c5 23. dxc6 Rxc6 24. b3 Rac8 25. Rfc1 g6 26. Rxc6 Rxc6 27. Rxc6 bxc6 28. Bg4 h5 29. Bh3 g5 30. g4 hxg4 31. Bxg4 Bf4 32. Qc2 Qd4 33. Kg2 c5 34. Bf3 Qh8 35. h3 Qa1 36. Bd1 Kg7 37. a4 Qd4 38. Bf3 Qe3 39. Qd1 Be5 40. Kh1 Kf6 41. Kg2 Qf4 42. Kf1 Qg3 43. Bg2 Bd4 44. Qf3 Qh2 45. Ke2 Qe5 46. Kd3 Bg1 47. Kc2 Bd4 48. Bf1 Qh2+ 49. Be2 Qg1 50. Bc4 Qe1 51. Bd5 Be3 52. Qd1 Qf2+ 53. Kd3 Bf4 54. Qh5 Ke5 55. Qh8+ 1-0

[Event "Bibinje CRO"]
[Site "?"]
[Date "2006.06.14"]
[Round "7"]
[White "Farago Ivan"]
[Black "Mestrovic Zvonimir"]
[Result "1/2-1/2"]
[WhiteElo "2534"]
[BlackElo "2315"]
[PlyCount "50"]
[EventDate "2006.??.??"]
[Source "www.chesslib.no"]
[SourceDate "2004.05.04"]

1. d4 Nf6 2. c4 e5 3. dxe5 Ng4 4. Nf3 Nc6 5. Bg5 Be7 6. Bxe7 Qxe7 7. Nc3 Ncxe5 8. Nd5 Qc5 9. e3 Nxf3+ 10. Qxf3 d6 11. Qe4+ Be6 12. Be2 Ne5 13. f4 f5 14. Qd4 Bxd5 15. Qxc5 dxc5 16. cxd5 Nd7 17. g4 O-O-O 18. gxf5 Rhe8 19. Kf2 Nf6 20. Bf3 Nxd5 21. Bxd5 Rxd5 22. Rhg1 Re7 23. Rad1 Rxf5 24. Kf3 Rh5 25. Rd2 b6 1/2-1/2

[Event "CRO-Cup"]
[Site "Pula CRO"]
[Date "1993.??.??"]
[Round "8"]
[White "Grdinic, Zvonimir"]
[Black "Mohr, Georg"]
[Result "0-1"]
[WhiteElo "2410"]
[BlackElo "2435"]
[PlyCount "72"]
[EventDate "1993.??.??"]
[Source "www.chesslib.no"]
[SourceDate "2004.05.04"]

1. d4 Nf6 2. c4 e5 3. dxe5 Ng4 4. Nf3 Bc5 5. e3 Nc6 6. a3 a5 7. b3 O-O 8. Nc3 Re8 9. Be2 Ncxe5 10. Nxe5 Nxe5 11. O-O Ra6 12. Nd5 Rh6 13. e4 Rh4 14. Qc2 Nc6 15. Bd3 Nd4 16. Qd1 d6 17. Ne3 Qf6 18. b4 Ba7 19. Re1 Qe5 20. g3 Rxe4 21. Bd2 Bh3 22. Bc3 Qe6 23. Bxe4 Qxe4 24. Bxd4 Bxd4 25. Qc2 Bxa1 26. Qxe4 Rxe4 27. Rxa1 a4 28. Rd1 Re8 29. c5 d5 30. c6 f5 31. Nxf5 g6 32. Nd6 bxc6 33. Rf1 Re5 34. Nb5 g5 35. f4 Re4 36. Kh1 Bg2+ 0-1

[Event "ASEAN Masters Circuit GMB"]
[Site "Tarakan INA"]
[Date "2008.01.10"]
[Round "3"]
[White "Ardiansyah, H."]
[Black "Nadanian, A."]
[Result "1-0"]
[WhiteElo "2409"]
[BlackElo "2436"]
[PlyCount "73"]
[EventDate "2008.01.08"]
[Source "www.chesslib.no"]
[SourceDate "2004.05.04"]

1. d4 Nf6 2. c4 e5 3. dxe5 Ng4 4. Nf3 Bc5 5. e3 Nc6 6. a3 a5 7. Nc3 Ngxe5 8. Nxe5 Nxe5 9. Be2 O-O 10. O-O Re8 11. Kh1 Ra6 12. f4 Rd6 13. Qc2 Nc6 14. Ne4 Rh6 15. Bf3 Ba7 16. Ng5 Qf6 17. Bd5 Nd8 18. Bd2 d6 19. Bc3 Qe7 20. Rf3 g6 21. c5 Ne6 22. cxd6 cxd6 23. Raf1 Rh5 24. Ne4 Nd4 25. Bxd4 Bxd4 26. Ng5 Bf5 27. Qc4 Rxg5 28. fxg5 Bxb2 29. e4 Be6 30. Rxf7 Qxf7 31. Rxf7 Kxf7 32. Qc7+ Re7 33. Bxe6+ Kxe6 34. Qc4+ Kd7 35. Qb5+ Kd8 36. Qxb2 Rxe4 37. h3 1-0

[Event "EU Ch U20"]
[Site "Groningen NED"]
[Date "1986.??.??"]
[Round "?"]
[White "Sokolov, Ivan"]
[Black "Blatny, Pavel"]
[Result "1-0"]
[WhiteElo "2425"]
[BlackElo "2415"]
[PlyCount "103"]
[EventDate "1986.??.??"]
[Source "www.chesslib.no"]
[SourceDate "2004.05.04"]

1. d4 Nf6 2. c4 e5 3. dxe5 Ng4 4. Nf3 Bc5 5. e3 Nc6 6. Be2 O-O 7. O-O Ngxe5 8. Nd4 Ng6 9. Nb3 Be7 10. Nc3 Re8 11. Nd5 Bf8 12. Bd2 a5 13. Bc3 Nb4 14. Nxa5 Nxd5 15. Qxd5 c6 16. Qd2 Qg5 17. Nb3 d5 18. f4 Qe7 19. cxd5 Qxe3+ 20. Qxe3 Rxe3 21. Kf2 Re7 22. dxc6 Nxf4 23. Bf3 bxc6 24. Bxc6 Ra6 25. Bf3 Rg6 26. Rfd1 Ba6 27. Bd4 Nxg2 28. Nc5 Nh4 29. Nxa6 Nxf3 30. Kxf3 Rxa6 31. a4 Rb7 32. Bc3 f6 33. Rd4 Bd6 34. b4 Bxh2 35. b5 Ra8 36. Rd5 Kf7 37. a5 Ke6 38. Rd2 Be5 39. Bxe5 fxe5 40. Rb2 Kd5 41. b6 e4+ 42. Ke3 Rf8 43. Rd1+ Ke6 44. a6 Rf3+ 45. Ke2 Rbf7 46. a7 Rf2+ 47. Ke1 Rf1+ 48. Kd2 Rd7+ 49. Kc3 Rf3+ 50. Kb4 Rxd1 51. a8=Q Rd4+ 52. Kc5 1-0

[Event "SUI-chT"]
[Site "SUI"]
[Date "1996.??.??"]
[Round "2"]
[White "Klauser, Markus"]
[Black "Franzoni, Giancarlo"]
[Result "1/2-1/2"]
[WhiteElo "2375"]
[BlackElo "2460"]
[PlyCount "23"]
[EventDate "1996.??.??"]
[Source "ChessBase"]

1. d4 Nf6 2. c4 e5 3. dxe5 Ng4 4. Nf3 Bc5 5. e3 Nc6 6. Nc3 O-O 7. Be2 Re8 8. O-O Ngxe5 9. Nxe5 Nxe5 10. f4 Ng6 11. Bd3 c6 12. Ne4 1/2-1/2

[Event "Finjub30 IM"]
[Site "Finjub30 IM"]
[Date "1992.??.??"]
[Round "?"]
[White "Embrey, Kevin W"]
[Black "Malcoci, Victor"]
[Result "1-0"]
[WhiteElo "2470"]
[BlackElo "2365"]
[PlyCount "141"]
[EventDate "1992.??.??"]
[Source "www.chesslib.no"]
[SourceDate "2004.05.04"]

1. d4 Nf6 2. c4 e5 3. dxe5 Ng4 4. Nf3 Nc6 5. Bg5 Be7 6. Bxe7 Qxe7 7. Nc3 Qc5 8. e3 Ngxe5 9. Nxe5 Qxe5 10. Be2 O-O 11. O-O Re8 12. Qd2 Nb4 13. Rfd1 d6 14. Nb5 Na6 15. Bf3 Re7 16. b4 Re6 17. Rac1 Rh6 18. h3 Rf6 19. a3 Rxf3 20. gxf3 Qg5+ 21. Kf1 Bxh3+ 22. Ke2 Be6 23. Nd4 Bd7 24. Rg1 Qe5 25. Nc2 Re8 26. Qd4 c5 27. bxc5 Qxd4 28. Nxd4 dxc5 29. Nb5 b6 30. Nxa7 Nc7 31. Rgd1 Ba4 32. Rd6 Ra8 33. Nb5 Nxb5 34. cxb5 Rb8 35. Rb1 Kf8 36. e4 Ke7 37. e5 Bc2 38. Rb2 Bf5 39. Ke3 f6 40. f4 h5 41. Rc6 Rb7 42. a4 Bd7 43. Rd6 h4 44. f3 Bf5 45. Kf2 Be6 46. a5 bxa5 47. Ra6 Bf5 48. exf6+ gxf6 49. Rxa5 Bd7 50. b6 Kd6 51. Rd2+ Kc6 52. Ra7 Bc8 53. Ra8 Bd7 54. Rd8 c4 55. Rd4 c3 56. Rc4+ Kxb6 57. Rxc3 Ka5 58. Ra8+ Kb4 59. Rc2 Kb3 60. Raa2 Rb5 61. Rab2+ Ka4 62. Rxb5 Kxb5 63. Rc7 Be6 64. Rh7 f5 65. Rxh4 Kc5 66. Rh1 Kd6 67. Re1 Ke7 68. Kg3 Kf6 69. Rxe6+ Kxe6 70. Kh4 Kf6 71. Kh5 1-0

[Event "Balatonbereny Open"]
[Site "Balatonbereny HUN"]
[Date "1994.??.??"]
[Round "8"]
[White "Moskalenko, Viktor"]
[Black "Biro, Sandor"]
[Result "1/2-1/2"]
[WhiteElo "2535"]
[BlackElo "2300"]
[PlyCount "40"]
[EventDate "1994.09.??"]
[Source "www.chesslib.no"]
[SourceDate "2004.05.04"]

1. d4 Nf6 2. c4 e5 3. dxe5 Ng4 4. Nf3 Nc6 5. Bg5 Be7 6. Bxe7 Qxe7 7. Nc3 Ncxe5 8. Nd5 Qc5 9. e3 Nxf3+ 10. gxf3 Nf6 11. Nxf6+ gxf6 12. Qd2 a5 13. O-O-O d6 14. Qc3 Ke7 15. Rd5 Qb4 16. Qc2 a4 17. Qd2 Qxd2+ 18. Kxd2 h5 19. h4 Be6 20. Rd4 c5 1/2-1/2

[Event "Spring Open"]
[Site "Budapest HUN"]
[Date "1991.??.??"]
[Round "2"]
[White "Vaulin, Alexander"]
[Black "Galanov, Boris"]
[Result "0-1"]
[WhiteElo "2510"]
[BlackElo "2320"]
[PlyCount "88"]
[EventDate "1991.03.??"]
[Source "www.chesslib.no"]
[SourceDate "2004.05.04"]

1. d4 Nf6 2. c4 e5 3. dxe5 Ng4 4. Nf3 Bc5 5. e3 Nc6 6. Nc3 O-O 7. Ne4 Bb4+ 8. Bd2 Bxd2+ 9. Qxd2 Ngxe5 10. Nxe5 Nxe5 11. Nc3 d6 12. Be2 Be6 13. b3 Qg5 14. g3 Qf6 15. f4 Nc6 16. O-O Bh3 17. Rfe1 Rae8 18. Bf3 Qd8 19. Ne4 Bf5 20. Nf2 Be6 21. Rac1 f5 22. b4 Qc8 23. Qb2 Kh8 24. c5 dxc5 25. Rxc5 Ne7 26. b5 b6 27. Rc2 Bd5 28. Bxd5 Nxd5 29. Qb3 Nf6 30. Rec1 Re7 31. Qa3 Rfe8 32. Nd1 Nd5 33. Re2 Qd7 34. Qb3 Nf6 35. Rc3 Ne4 36. Rd3 Qc8 37. Qc2 c5 38. bxc6 Rc7 39. Rd5 Rxc6 40. Qa4 Rc1 41. Kg2 Qa8 42. Kh3 Rxd1 43. Rxd1 Re6 44. Qd4 Nf2+ 0-1

[Event "Peer Gynt"]
[Site "Gausdal NOR"]
[Date "1991.??.??"]
[Round "4"]
[White "Remlinger, Larry"]
[Black "Svidler, Peter"]
[Result "0-1"]
[WhiteElo "2370"]
[BlackElo "2460"]
[PlyCount "102"]
[EventDate "1991.07.??"]
[Source "www.chesslib.no"]
[SourceDate "2004.05.04"]

1. d4 Nf6 2. c4 e5 3. dxe5 Ng4 4. Nf3 Bc5 5. e3 Nc6 6. Be2 O-O 7. Nc3 Ncxe5 8. Nxe5 Nxe5 9. b3 a5 10. Bb2 Re8 11. O-O Ra6 12. Qd5 Ba7 13. c5 Rae6 14. Ne4 Qe7 15. Rac1 Bb8 16. Rfd1 Rh6 17. g3 c6 18. Qd4 Qe6 19. h4 d5 20. cxd6 Qg6 21. Ng5 Qxd6 22. Qe4 Qe7 23. Bc4 Qf8 24. Bxe5 Rxe5 25. Qxe5 Bxe5 26. Nxf7 Re6 27. Nxe5 Qe7 28. Rd4 g6 29. Bxe6+ Bxe6 30. Rcd1 Bd5 31. f4 Qc5 32. e4 Bxe4 33. R1d2 Qc1+ 34. Kf2 Bd5 35. Rd1 Qc2+ 36. R1d2 Qb1 37. Nc4 Qh1 38. R2d3 Qh2+ 39. Ke1 Qg1+ 40. Kd2 Qf2+ 41. Kc3 Qxa2 42. Ne3 Qxb3+ 43. Kd2 Qb2+ 44. Ke1 a4 45. Nxd5 cxd5 46. Rxa4 Qc1+ 47. Rd1 Qe3+ 48. Kf1 Qf3+ 49. Ke1 Qxg3+ 50. Ke2 Qg4+ 51. Kd2 Qxh4 0-1

[Event "Groningen Open"]
[Site "Groningen NED"]
[Date "1989.??.??"]
[Round "1"]
[White "Moskalenko, Viktor"]
[Black "Zagema, Wieb"]
[Result "1-0"]
[WhiteElo "2490"]
[BlackElo "2340"]
[PlyCount "105"]
[EventDate "1989.12.??"]
[Source "www.chesslib.no"]
[SourceDate "2004.05.04"]

1. d4 Nf6 2. c4 e5 3. dxe5 Ng4 4. Nf3 Bc5 5. e3 Nc6 6. Bd2 O-O 7. Bc3 Qe7 8. a3 a5 9. Nbd2 Ncxe5 10. Nxe5 Nxe5 11. Nb3 Bb6 12. Be2 d6 13. O-O Be6 14. Nd4 Rae8 15. Nxe6 fxe6 16. b4 axb4 17. axb4 Ng6 18. Bd4 c5 19. bxc5 dxc5 20. Bc3 Bc7 21. g3 Rf7 22. Qc2 Ne5 23. Qe4 Qf6 24. Kg2 Qf5 25. Qxf5 exf5 26. Rfd1 g5 27. Bh5 Ng6 28. Bf3 Kf8 29. Bd5 Rd7 30. Bxb7 Rxd1 31. Rxd1 f4 32. Bc6 Re6 33. Bd5 Ra6 34. exf4 gxf4 35. Rb1 Ke7 36. Re1+ Kd7 37. Bf7 Ra3 38. Bf6 Bd6 39. Be6+ Kc7 40. Bd5 Kd7 41. Be4 Rb3 42. Bf5+ Kc7 43. Re8 Rb4 44. Re4 Rb3 45. Bxg6 f3+ 46. Kh3 hxg6 47. Kg4 Kd7 48. Bg5 Bf8 49. Be3 Kd6 50. h4 Bg7 51. Kf4 Bd4 52. Bxd4 cxd4 53. Rxd4+ 1-0

[Event "NED Ch sf"]
[Site "Enschede NED"]
[Date "1995.??.??"]
[Round "4"]
[White "Douven, Rudy C"]
[Black "Bosch, Jeroen"]
[Result "1/2-1/2"]
[WhiteElo "2400"]
[BlackElo "2425"]
[PlyCount "62"]
[EventDate "1995.??.??"]
[Source "www.chesslib.no"]
[SourceDate "2004.05.04"]

1. d4 Nf6 2. c4 e5 3. dxe5 Ng4 4. Nf3 Bc5 5. e3 Nc6 6. Be2 O-O 7. O-O Ngxe5 8. Nxe5 Nxe5 9. Nc3 Re8 10. b3 a5 11. Na4 Bf8 12. Bb2 Ra6 13. f4 Rd6 14. Qb1 Nc6 15. e4 Rd2 16. Bf3 Nd4 17. Bc3 Nxf3+ 18. Rxf3 Rd6 19. e5 Rh6 20. Bxa5 b6 21. Bd2 Bb7 22. Rg3 d6 23. Qd3 dxe5 24. fxe5 Qxd3 25. Rxd3 Rg6 26. g3 Rxe5 27. Re1 Rxe1+ 28. Bxe1 Re6 29. Kf1 f5 30. Bd2 Bd6 31. Nc3 Kf7 1/2-1/2

[Event "Moscow Open"]
[Site "Moscow RUS"]
[Date "1994.??.??"]
[Round "2"]
[White "Naumkin, Igor"]
[Black "Zakharov, Alexander V"]
[Result "0-1"]
[WhiteElo "2455"]
[BlackElo "2370"]
[PlyCount "90"]
[EventDate "1994.??.??"]
[Source "www.chesslib.no"]
[SourceDate "2004.05.04"]

1. d4 Nf6 2. c4 e5 3. dxe5 Ng4 4. Nf3 Bc5 5. e3 Nc6 6. Be2 Ngxe5 7. Nxe5 Nxe5 8. O-O O-O 9. Nc3 Re8 10. b3 a5 11. Ne4 Bf8 12. Ng3 Ra6 13. e4 Bc5 14. Kh1 Qh4 15. f4 Rd6 16. Bd2 Nd3 17. Bxd3 Qxg3 18. Rf3 Qg4 19. e5 Rh6 20. f5 Rh4 21. Qe2 b6 22. Re1 Bb7 23. Rf4 Qh3 24. Rxh4 Qxh4 25. Rf1 Bd6 26. Bf4 f6 27. exd6 Rxe2 28. Bxe2 Qh3 29. Rf2 Qc3 30. Kg1 c5 31. h3 a4 32. Kh2 axb3 33. axb3 Qxb3 34. Bg3 Be4 35. Bf1 Qb1 36. Re2 Kf8 37. Re1 Qc2 38. Be2 Bxf5 39. Bf3 Be6 40. Re4 Kf7 41. h4 Qd3 42. Rf4 Bxc4 43. Be4 Qxd6 44. Bxh7 Qd5 45. Be4 Qd1 0-1

[Event "SLO Ch"]
[Site "Slovenia"]
[Date "1993.??.??"]
[Round "?"]
[White "Jelen, Iztok"]
[Black "Mohr, Georg"]
[Result "1/2-1/2"]
[WhiteElo "2390"]
[BlackElo "2435"]
[PlyCount "30"]
[EventDate "1993.??.??"]
[Source "www.chesslib.no"]
[SourceDate "2004.05.04"]

1. d4 Nf6 2. c4 e5 3. dxe5 Ng4 4. Nf3 Bc5 5. e3 Nc6 6. Be2 O-O 7. Nc3 Re8 8. O-O Ngxe5 9. Nxe5 Nxe5 10. b3 a5 11. Ne4 Bf8 12. c5 Qh4 13. f4 Ng4 14. Bxg4 Rxe4 15. Bf3 Re8 1/2-1/2

[Event "TCh-SCG Men"]
[Site "?"]
[Date "2004.09.17"]
[Round "9"]
[White "Lekic Dusan"]
[Black "Miljanic Boro"]
[Result "1/2-1/2"]
[WhiteElo "2384"]
[BlackElo "2436"]
[PlyCount "25"]
[EventDate "2004.??.??"]
[Source "www.chesslib.no"]
[SourceDate "2004.05.04"]

1. d4 Nf6 2. c4 e5 3. dxe5 Ng4 4. Nf3 Bc5 5. e3 Nc6 6. Be2 O-O 7. Nc3 Ngxe5 8. Nxe5 Nxe5 9. O-O d6 10. Na4 Bb6 11. b3 Bd7 12. Nxb6 axb6 13. Bb2 1/2-1/2

[Event "SUI-chT"]
[Site "SUI"]
[Date "1996.??.??"]
[Round "1"]
[White "Klauser, Markus"]
[Black "Hug, Werner"]
[Result "1/2-1/2"]
[WhiteElo "2375"]
[BlackElo "2445"]
[PlyCount "49"]
[EventDate "1996.??.??"]
[Source "ChessBase"]

1. d4 Nf6 2. c4 e5 3. dxe5 Ng4 4. Nf3 Bc5 5. e3 Nc6 6. Be2 Ngxe5 7. Nxe5 Nxe5 8. f4 Nc6 9. O-O d6 10. Nc3 Bd7 11. a3 a5 12. Bd3 O-O 13. Be4 Re8 14. Qd3 Be6 15. Bd2 Ne7 16. Rf3 c6 17. Rg3 Qc8 18. Na4 Nf5 19. Bxf5 Bxf5 20. Qc3 Bg6 21. b4 axb4 22. axb4 Ba7 23. Bc1 Qf5 24. Bb2 f6 25. c5 1/2-1/2

[Event "Pernik"]
[Site "Pernik"]
[Date "1981.??.??"]
[Round "1"]
[White "Inkiov, Ventzislav"]
[Black "Antonov, Vladimir"]
[Result "1-0"]
[WhiteElo "2445"]
[BlackElo "2375"]
[PlyCount "39"]
[EventDate "1981.06.??"]
[Source "ChessBase"]

1. d4 Nf6 2. c4 e5 3. dxe5 Ng4 4. Nf3 Bc5 5. e3 Nc6 6. a3 a5 7. Bd2 Ngxe5 8. Nxe5 Nxe5 9. Bc3 d6 10. Nd2 a4 11. Ne4 Qe7 12. Nxc5 dxc5 13. Qh5 g5 14. Be2 Bf5 15. O-O-O Bg6 16. Qh3 Rg8 17. Rd5 Nc6 18. Rhd1 Rd8 19. Rxd8+ Nxd8 20. Qc8 1-0